Michal Farkašovský: Kone sú láska na celý život moderátor Krimi novín je Košičan ako repa, z telky letí hneď domov

Bibliographic Details
Main Author: Novotná, Anna (Author, Interviewer)
Corporate Author: Farkašovkský, Michal (Author)
Format: Article
Language:Slovak
PhysicalDescription:Fotogr.
ISSN:1335-4566
Subjects:

MARC

LEADER 00000nab a2200000 a 4500
001 vtls009512942
003 SK-MaSNL
005 20260303060701.0
008 090515c20090515xo drz 0 0slo
038 |a KEVKJB 
040 |a KEVKJB  |b slo  |c KEVKJB  |e AACR2 
041 0 |a slo 
044 |a xo  |c SK 
080 |a 070.42:654.198  |2 2001 
080 |a 929 Farkašovský, Michal  |2 2001 
100 1 |a Novotná, Anna  |4 ivr  |4 aut  |9 450182 
245 1 0 |a Michal Farkašovský: Kone sú láska na celý život  |b moderátor Krimi novín je Košičan ako repa, z telky letí hneď domov  |c Anna Novotná, Michal Farkašovský 
300 |b Fotogr. 
600 1 7 |a Farkašovský, Michal  |2 kevkjb  |9 1053850 
650 0 7 |a televízni moderátori  |2 kevkjb  |9 71006 
651 7 |a Košice (Slovensko)  |2 kevkjb  |9 18694 
710 1 |a Farkašovkský, Michal  |4 ive  |4 aut  |9 1053851 
773 0 |t Košický Korzár  |g Roč. XII, č. 110 (15.5.2009), s. 6  |x 1335-4566 
852 |a KEVKJB  |b KIS3GCP 
958 |a BX 
999 |c 1732421  |d 1734351